ARRUPE JESUIT UNIVERSITY

CORONAVIRUS -STOP THE SPREAD - CLEAN,DISINFECT,COVER

Fires of faith : (Record no. 127091)

MARC details
000 -LEADER
fixed length control field 01825cam a2200337 a 4500
001 - CONTROL NUMBER
control field 15524000
003 - CONTROL NUMBER IDENTIFIER
control field ARRUPE
005 - DATE AND TIME OF LATEST TRANSACTION
control field 20171011121309.0
008 - FIXED-LENGTH DATA ELEMENTS--GENERAL INFORMATION
fixed length control field 081117s2009 ctuabf b 001 0 eng
010 ## - LIBRARY OF CONGRESS CONTROL NUMBER
LC control number 2008049807
020 ## - INTERNATIONAL STANDARD BOOK NUMBER
International Standard Book Number 9780300152166 (alk. paper)
020 ## - INTERNATIONAL STANDARD BOOK NUMBER
International Standard Book Number 0300152167 (alk. paper)
035 ## - SYSTEM CONTROL NUMBER
System control number (OCoLC)ocn276274639
040 ## - CATALOGING SOURCE
Original cataloging agency DLC
Transcribing agency DLC
Modifying agency YDXCP
-- BTCTA
-- BWKUK
-- BWK
-- VVC
-- VP@
-- CDX
-- DLC
043 ## - GEOGRAPHIC AREA CODE
Geographic area code e-uk-en
050 00 - LIBRARY OF CONGRESS CALL NUMBER
Classification number BX1492
Item number .D83 2009
082 00 - DEWEY DECIMAL CLASSIFICATION NUMBER
Classification number 274.2/06
Edition number 22
300 ## - PHYSICAL DESCRIPTION
Dimensions 25 cm.
100 1# - MAIN ENTRY--PERSONAL NAME
Personal name Duffy, Eamon.
9 (RLIN) 27841
245 10 - TITLE STATEMENT
Title Fires of faith :
Remainder of title Catholic England under Mary Tudor /
Statement of responsibility, etc Eamon Duffy.
260 ## - PUBLICATION, DISTRIBUTION, ETC. (IMPRINT)
Place of publication, distribution, etc New Haven [Conn.] ;
-- London :
Name of publisher, distributor, etc Yale University Press,
Date of publication, distribution, etc c2009.
300 ## - PHYSICAL DESCRIPTION
Extent xiii, 249 p., ;
504 ## - BIBLIOGRAPHY, ETC. NOTE
Bibliography, etc Includes bibliographical references (p. 209-238) and index.
505 0# - FORMATTED CONTENTS NOTE
Formatted contents note Rolling back the revolution -- Cardinal Pole -- Contesting the Reformation: plain and godly treatises -- From persuasion to force -- The theatre of justice -- The hunters and the hunted -- The battle for hearts and minds -- The defence of the burnings and the problem of martyrdom -- The legacy: inventing the counter-reformation.
600 00 - SUBJECT ADDED ENTRY--PERSONAL NAME
Personal name Mary
Numeration I,
Titles and other words associated with a name Queen of England,
Dates associated with a name 1516-1558
General subdivision Religion.
9 (RLIN) 37017
600 10 - SUBJECT ADDED ENTRY--PERSONAL NAME
Personal name Pole, Reginald,
Dates associated with a name 1500-1558.
9 (RLIN) 37018
610 20 - SUBJECT ADDED ENTRY--CORPORATE NAME
Corporate name or jurisdiction name as entry element Catholic Church
Geographic subdivision England
General subdivision History
Chronological subdivision 16th century.
9 (RLIN) 37019
650 #0 - SUBJECT ADDED ENTRY--TOPICAL TERM
Topical term or geographic name as entry element Counter-Reformation
Geographic subdivision England.
9 (RLIN) 37020
651 #0 - SUBJECT ADDED ENTRY--GEOGRAPHIC NAME
Geographic name England
General subdivision Church history.
9 (RLIN) 37021
906 ## - LOCAL DATA ELEMENT F, LDF (RLIN)
a 7
b cbc
c orignew
d 1
e ecip
f 20
g y-gencatlg
942 ## - ADDED ENTRY ELEMENTS (KOHA)
Source of classification or shelving scheme Library of Congress Classification
Koha item type Monograph ( Printed materials)
Holdings
Withdrawn status Lost status Source of classification or shelving scheme Damaged status Not for loan Collection code Home library Current library Shelving location Date acquired Total Checkouts Full call number Barcode Date last seen Price effective from Koha item type
    Library of Congress Classification     Main Collection ARRUPE LIBRARY ARRUPE LIBRARY Main Collection 11/10/2017   BX1492 .D83 2009 46500027544 22/11/2017 11/10/2017 Monograph ( Printed materials)

 

Arrupe Library. PO Box MP320 Mt Pleasant, Harare, Zimbabwe
263 242 745411|librarian@aju.ac.zw